<?xml version="1.0" encoding="UTF-8"?>
<record
    xmlns:xsi="http://www.w3.org/2001/XMLSchema-instance"
    xsi:schemaLocation="http://www.loc.gov/MARC21/slim http://www.loc.gov/standards/marcxml/schema/MARC21slim.xsd"
    xmlns="http://www.loc.gov/MARC21/slim">

  <leader>00412nam a2200145Ia 4500</leader>
  <controlfield tag="008">220803s9999    xx            000 0 und d</controlfield>
  <datafield tag="020" ind1=" " ind2=" ">
    <subfield code="a">9789353110505</subfield>
  </datafield>
  <datafield tag="041" ind1=" " ind2=" ">
    <subfield code="a">eng</subfield>
  </datafield>
  <datafield tag="082" ind1=" " ind2=" ">
    <subfield code="a">722.954</subfield>
  </datafield>
  <datafield tag="100" ind1=" " ind2=" ">
    <subfield code="a">Dhaky M A</subfield>
    <subfield code="9">26771</subfield>
  </datafield>
  <datafield tag="245" ind1=" " ind2=" ">
    <subfield code="a">Footprints Of Visvakarma : Studies In Indian Sculpture And Architecture.</subfield>
  </datafield>
  <datafield tag="260" ind1=" " ind2=" ">
    <subfield code="a">Ahmedabad</subfield>
    <subfield code="b">Akshara.</subfield>
    <subfield code="c">2017</subfield>
  </datafield>
  <datafield tag="300" ind1=" " ind2=" ">
    <subfield code="a">456p</subfield>
  </datafield>
  <datafield tag="650" ind1=" " ind2=" ">
    <subfield code="a">Architectural History</subfield>
    <subfield code="9">26772</subfield>
  </datafield>
  <datafield tag="999" ind1=" " ind2=" ">
    <subfield code="c">17079</subfield>
    <subfield code="d">17079</subfield>
  </datafield>
  <datafield tag="952" ind1=" " ind2=" ">
    <subfield code="0">0</subfield>
    <subfield code="1">0</subfield>
    <subfield code="4">0</subfield>
    <subfield code="7">3</subfield>
    <subfield code="8">Book of B Arch</subfield>
    <subfield code="a">BNCA</subfield>
    <subfield code="b">BNCA</subfield>
    <subfield code="c">A2</subfield>
    <subfield code="d">2019-06-03</subfield>
    <subfield code="e">Council Of Architecture</subfield>
    <subfield code="g">3400.00</subfield>
    <subfield code="o">823 GHA</subfield>
    <subfield code="p">BNCA-BK-11154</subfield>
    <subfield code="r">2022-08-03 00:00:00</subfield>
    <subfield code="v">3400.00</subfield>
    <subfield code="w">2018-01-18</subfield>
    <subfield code="y">RF</subfield>
    <subfield code="z">B11154</subfield>
  </datafield>
</record>
